000 00920nam a2200289 a 4500
003 DO-SdBNP
005 20240307091354.0
007 ta
008 240307e1990 dr ||||gr|||| 00| 0 spa d
040 _aDO-SdBNP
_bspa
_cBNPHU
_erda
082 4 _222
_bP956
111 2 _aPrimera Feria Barrial del libro y la cultura
_n(1ra.
_d1990 : 1 ero al 4 de febrero
_cParque San Carlos, Distrito Nacional)
_982355
245 1 0 _aPrimera feria barrial del libro y la cultura, Luis Scheker Hame
260 _c1989
264 _aSanto Domingo :
_bComisión Organizadora Permanente de la Feria Nacional del libro,
_c1990
300 _a8 paginas. ;
_c21 cm.
336 _2rdacontent
_atexto
_btxt
337 _2rdamedia
_asin mediación
_bn
338 _2rdacarrier
_avolumen
_bnc
590 _aInventariado 2024/DG
611 _982356
710 _953438
710 _955772
710 _980854
910 _aDG
942 _2ddc
_cLF2
999 _c56055
_d56055